00688nam a2200241 a 4500001001300000003000900013005001700022008004100039020001000080082001800090100002500108245002200133260003400155300000800189500003500197505001700232650002300249700002500272902000800297942000700305952011900312999001500431nice12345678IN_TiNIC20260116012833.0050524s1955 deoa grp 000 0 urd  ac10000a297.1229bHAQ aHaqqani, M Abdul Haq aTafseer-I-Haqqani aDeobandbKutub Nayeemiac1955 a44p aincludes index and biblioraphy2 aBibliography aQuran-Hermeneutics1 aHaqqani, M Abdul Haq bSRS cBK 001040708StackRoom-aHMIbHMId2007-08-07g100.00l0o297.1229 HAQp013922r2007-08-07v100.00w2005-05-24yBK c8584d8584